[Event "Club 608 Online 1 - Open A (-2200)"]
[Date "2021.04.10"]
[Round "3.2"]
[White "Vu Dinh, Adrien"]
[Black "Dia, Hussein"]
[Result "1/2-1/2"]
[BlackElo "1849"]
[WhiteElo "1816"]

{Clock started by Black.} 1. e4 {[%clk 0:50:07.3]} d6 {[%clk 0:50:06.6]} 2. d4 {[%clk 0:50:14.3]} Nf6 {[%clk 0:50:10.2]} 3. Nc3 {[%clk 0:50:20.6]} g6 {[%clk 0:50:17.2]} 4. Be3 {[%clk 0:50:28.0]} Bg7 {[%clk 0:50:24.6]} 5. Qd2 {[%clk 0:50:36.8]} 0-0 {[%clk 0:50:32.3]} 6. f3 {[%clk 0:50:42.8]} c6 {[%clk 0:49:59.7]} 7. h4 {[%clk 0:50:35.3]} h5 {[%clk 0:49:35.6]} 8. Be2 {[%clk 0:49:57.7]} e5 {[%clk 0:49:30.3]} 9. dxe5 {[%clk 0:49:47.7]} dxe5 {[%clk 0:49:36.2]} 10. Nh3 {[%clk 0:48:57.6]} Bxh3 {[%clk 0:49:40.4]} 11. Qxd8 {[%clk 0:48:45.8]} Rxd8 {[%clk 0:49:42.2]} 12. Rxh3 {[%clk 0:48:54.0]} Nbd7 {[%clk 0:48:47.1]} 13. 0-0-0 {[%clk 0:48:38.5]} Bf8 {[%clk 0:47:51.3]} 14. Bc4 {[%clk 0:48:27.8]} b5 {[%clk 0:47:18.8]} 15. Bb3 {[%clk 0:48:33.6]} Nc5 {[%clk 0:47:17.7]} 16. Bxc5 {[%clk 0:48:15.1]} Bxc5 {[%clk 0:47:10.0]} 17. Rhh1 {[%clk 0:48:09.0]} a5 {[%clk 0:46:10.4]} 18. a4 {[%clk 0:47:50.8]} b4 {[%clk 0:45:05.0]} 19. Ne2 {[%clk 0:47:52.2]} Kf8 {[%clk 0:41:45.7]} 20. Bc4 {[%clk 0:45:09.8]} Ke7 {[%clk 0:35:55.9]} 21. Kb1 {[%clk 0:44:36.4]} Ne8 {[%clk 0:34:05.4]} 22. Nc1 {[%clk 0:44:15.5]} f6 {[%clk 0:25:57.0]} 23. Nb3 {[%clk 0:43:54.5]} Rxd1+ {[%clk 0:25:49.1]} 24. Rxd1 {[%clk 0:44:01.8]} Bf2 {[%clk 0:25:42.6]} 25. Rh1 {[%clk 0:43:55.2]} Nd6 {[%clk 0:25:10.7]} 26. Bd3 {[%clk 0:41:18.3]} Kd7 {[%clk 0:19:25.2]} 27. Nd2 {[%clk 0:41:02.1]} Ra7 {[%clk 0:16:56.0]} 28. Nc4 {[%clk 0:39:30.5]} Nxc4 {[%clk 0:16:35.6]} 29. Bxc4 {[%clk 0:39:37.8]} Kd6 {[%clk 0:14:03.9]} 30. Kc1 {[%clk 0:39:14.9]} Kc5 {[%clk 0:14:02.6]} 31. Bd3 {[%clk 0:39:12.5]} Kd4 {[%clk 0:11:28.9]} 32. Kd2 {[%clk 0:39:19.0]} Rb7 {[%clk 0:11:15.5]} 33. Ke2 {[%clk 0:38:18.4]} Bg3 {[%clk 0:11:15.4]} 34. Rh3 {[%clk 0:37:59.7]} Bf4 {[%clk 0:11:11.8]} 35. g3 {[%clk 0:38:04.8]} Bh6 {[%clk 0:11:09.5]} 36. Rh1 {[%clk 0:37:57.8]} Rf7 {[%clk 0:09:17.9]} 37. Rd1 {[%clk 0:37:13.5]} Kc5 {[%clk 0:08:02.6]} 38. b3 {[%clk 0:36:49.6]} Rd7 {[%clk 0:06:57.2] Black offered a draw.} 39. Bc4 {[%clk 0:34:25.3]} Rxd1 {[%clk 0:06:08.6]} 40. Kxd1 {[%clk 0:34:32.7]} g5 {[%clk 0:06:15.5]} 41. Bf7 {[%clk 0:34:30.8]} gxh4 {[%clk 0:06:20.3]} 42. gxh4 {[%clk 0:34:39.7]} Bf4 {[%clk 0:06:25.1]} 43. Bxh5 {[%clk 0:34:44.9]} Bg3 {[%clk 0:06:29.4]} 44. Be8 {[%clk 0:34:48.2]} Bxh4 {[%clk 0:06:34.6]} 45. Ke2 {[%clk 0:34:18.4]} Bg5 {[%clk 0:06:16.1]} 46. Kf2 {[%clk 0:33:45.5]} Kd4 {[%clk 0:05:44.6]} 47. Bxc6 {[%clk 0:33:45.3]} Kc3 {[%clk 0:05:52.8]} 48. Bd5 {[%clk 0:33:14.8]} Kxc2 {[%clk 0:05:58.9]} 49. Ke2 {[%clk 0:32:29.0]} Bf4 {[%clk 0:05:57.9]} 50. Kf2 {[%clk 0:32:31.4]} Bg5 {[%clk 0:06:05.6]} 51. Kg2 {[%clk 0:32:36.7]} Kd2 {[%clk 0:05:56.1]} 52. Kh3 {[%clk 0:32:44.5]} Ke2 {[%clk 0:05:53.9]} 53. Kg4 {[%clk 0:32:52.8]} Kf2 {[%clk 0:05:53.6]} 54. Bc4 {[%clk 0:32:51.5]} Kg2 {[%clk 0:05:58.9]} 55. Bf7 {[%clk 0:32:11.3]} Kf2 {[%clk 0:06:02.2]} 56. Bd5 {[%clk 0:32:15.5]} Ke3 {[%clk 0:06:09.4]} 57. Ba8 {[%clk 0:32:16.5]} Kd4 {[%clk 0:06:11.8]} 58. Bd5 {[%clk 0:32:25.0]} Ke3 {[%clk 0:06:18.4]} 59. Bc4 {[%clk 0:32:31.1]} Kd4 {[%clk 0:06:25.7]} 60. Bg8 {[%clk 0:32:39.6]} Ke3 {[%clk 0:06:33.9]} 61. Bf7 {[%clk 0:32:48.4]} Kd4 {[%clk 0:06:41.6]} 62. Be8 {[%clk 0:32:54.0]} Ke3 {[%clk 0:06:48.7]} 63. Bb5 {[%clk 0:33:02.2]} Kd4 {[%clk 0:06:56.5]} 64. Ba6 {[%clk 0:33:10.3]} Ke3 {[%clk 0:07:04.1]} 65. Bc8 {[%clk 0:33:18.7]} Kd4 {[%clk 0:07:05.1]} 66. Bb7 {[%clk 0:33:19.5]} Ke3 {[%clk 0:07:05.3]} 67. Bc6 {[%clk 0:33:18.3]} Kd4 {[%clk 0:07:12.2]} 68. f4 {[%clk 0:33:08.1]} exf4 {[%clk 0:07:05.0]} 69. Kf3 {[%clk 0:33:05.8]} Ke5 {[%clk 0:07:01.2]} 70. Bb5 {[%clk 0:33:11.5]} f5 {[%clk 0:07:00.9]} 71. exf5 {[%clk 0:33:19.9]} Kxf5 {[%clk 0:07:09.2]} 72. Bc4 {[%clk 0:33:28.7] White offered a draw.} Ke5 {[%clk 0:07:13.7]} 73. Bg8 {[%clk 0:33:35.6] White offered a draw.} {Agreed a Draw} 1/2-1/2

[Event "Club 608 Online 1 - Open B (-1600)"]
[Date "2021.04.10"]
[Round "3.2"]
[White "Yu, Matthieu"]
[Black "Alidis, Myron"]
[Result "1-0"]
[BlackElo "1439"]
[WhiteElo "1199"]

1. d4 {[%clk 0:50:10.0]} d5 {[%clk 0:50:05.7]} 2. c4 {[%clk 0:50:18.6]} c6 {[%clk 0:50:14.3]} 3. Nc3 {[%clk 0:50:26.9]} Nf6 {[%clk 0:50:22.6]} 4. cxd5 {[%clk 0:50:35.2]} cxd5 {[%clk 0:50:29.9]} 5. Nf3 {[%clk 0:50:43.9]} Nc6 {[%clk 0:50:36.8]} 6. Bg5 {[%clk 0:50:49.1]} Bf5 {[%clk 0:50:24.5]} 7. e3 {[%clk 0:50:55.5]} e6 {[%clk 0:50:29.8]} 8. Be2 {[%clk 0:50:38.3]} Bb4 {[%clk 0:50:28.9]} 9. a3 {[%clk 0:50:42.0]} Bxc3+ {[%clk 0:50:34.8]} 10. bxc3 {[%clk 0:50:49.8]} h6 {[%clk 0:50:38.7]} 11. Bh4 {[%clk 0:50:57.6]} Qa5 {[%clk 0:50:39.9]} 12. Rc1 {[%clk 0:50:42.5]} Ne4 {[%clk 0:50:39.9]} 13. Qb3 {[%clk 0:49:47.0]} 0-0 {[%clk 0:50:40.6]} 14. 0-0 {[%clk 0:49:45.9]} Qb6 {[%clk 0:50:33.8]} 15. Qd1 {[%clk 0:49:38.3]} Na5 {[%clk 0:49:16.4]} 16. Be7 {[%clk 0:49:00.2]} Rfe8 {[%clk 0:49:14.6]} 17. Bb4 {[%clk 0:49:00.7]} Rac8 {[%clk 0:48:47.5]} 18. Ne5 {[%clk 0:48:55.3]} Nc6 {[%clk 0:48:17.0]} 19. f3 {[%clk 0:48:21.3]} Nf6 {[%clk 0:47:44.1]} 20. Nxc6 {[%clk 0:48:12.6]} Rxc6 {[%clk 0:47:20.9]} 21. Bc5 {[%clk 0:48:12.8]} Qa5 {[%clk 0:46:59.1]} 22. Qb3 {[%clk 0:48:09.5]} Rb8 {[%clk 0:45:30.0]} 23. Bb5 {[%clk 0:47:24.8]} Rcc8 {[%clk 0:45:33.2]} 24. Bd6 {[%clk 0:47:20.6]} Ra8 {[%clk 0:45:31.6]} 25. Be2 {[%clk 0:47:17.7]} Qb6 {[%clk 0:45:12.0]} 26. Qxb6 {[%clk 0:47:11.8]} axb6 {[%clk 0:45:20.3]} 27. Bb4 {[%clk 0:47:13.9]} Ne8 {[%clk 0:44:57.1]} 28. c4 {[%clk 0:47:08.7]} Nc7 {[%clk 0:44:09.6]} 29. Kf2 {[%clk 0:46:50.9]} Na6 {[%clk 0:43:54.4]} 30. Bd2 {[%clk 0:46:29.5]} Nc7 {[%clk 0:43:40.2]} 31. Rc3 {[%clk 0:46:24.4]} Bg6 {[%clk 0:43:08.7]} 32. cxd5 {[%clk 0:46:18.4]} Nxd5 {[%clk 0:42:50.7]} 33. Rxc8+ {[%clk 0:46:20.1]} Rxc8 {[%clk 0:42:58.2]} 34. e4 {[%clk 0:46:23.3]} Ne7 {[%clk 0:42:29.2]} 35. Rb1 {[%clk 0:46:15.4]} Nc6 {[%clk 0:42:00.1]} 36. Ke3 {[%clk 0:46:15.8]} Ra8 {[%clk 0:41:38.9]} 37. Bc1 {[%clk 0:46:07.6]} Rd8 {[%clk 0:41:22.4]} 38. Bb2 {[%clk 0:46:11.0]} Rc8 {[%clk 0:40:53.2]} 39. Bc3 {[%clk 0:45:51.6]} Na5 {[%clk 0:40:30.6]} 40. Bd2 {[%clk 0:45:29.7]} Rc6 {[%clk 0:39:47.9]} 41. Bxa5 {[%clk 0:45:32.2]} bxa5 {[%clk 0:39:54.6]} 42. Rxb7 {[%clk 0:45:26.9]} Rc3+ {[%clk 0:40:02.5]} 43. Kd2 {[%clk 0:45:27.6]} Rxa3 {[%clk 0:40:08.8]} 44. Rb2 {[%clk 0:45:11.7]} f5 {[%clk 0:39:48.0]} 45. e5 {[%clk 0:45:13.4]} f4 {[%clk 0:39:48.2]} 46. Bc4 {[%clk 0:45:13.0]} Bf5 {[%clk 0:39:16.6]} 47. h4 {[%clk 0:44:58.9]} a4 {[%clk 0:39:08.0]} 48. Rb6 {[%clk 0:44:53.5]} Ra1 {[%clk 0:38:41.3]} 49. d5 {[%clk 0:44:44.4]} exd5 {[%clk 0:38:08.5]} 50. Bxd5+ {[%clk 0:44:50.1]} Kf8 {[%clk 0:37:57.3]} 51. Rb7 {[%clk 0:44:44.0]} a3 {[%clk 0:37:57.1]} 52. e6 {[%clk 0:44:42.5]} Ke8 {[%clk 0:37:16.7]} 53. Bc6+ {[%clk 0:44:44.1]} {Black Resigned} 1-0

[Event "Club 608 Online 1 - Open C (-1200)"]
[Date "2021.04.10"]
[Round "3.2"]
[White "Aurélien, Alata"]
[Black "Béranger, Théodore"]
[Result "1-0"]
[BlackElo "1009"]
[WhiteElo "1061"]

{Clock started by Black.} 1. d4 {[%clk 0:45:34.5]} d5 {[%clk 0:50:05.6]} 2. c4 {[%clk 0:45:40.0]} dxc4 {[%clk 0:50:13.2]} 3. Nf3 {[%clk 0:45:41.1]} Nf6 {[%clk 0:50:17.8]} 4. e3 {[%clk 0:45:42.6]} Nc6 {[%clk 0:50:22.8]} 5. Bxc4 {[%clk 0:45:46.9]} a6 {[%clk 0:50:24.5]} 6. 0-0 {[%clk 0:45:42.0]} b5 {[%clk 0:50:31.5]} 7. Be2 {[%clk 0:45:44.0]} h6 {[%clk 0:50:36.5]} 8. Qc2 {[%clk 0:45:15.4]} Bb7 {[%clk 0:50:32.8]} 9. a4 {[%clk 0:45:06.4]} e6 {[%clk 0:50:29.0]} 10. Nbd2 {[%clk 0:44:57.6]} Bd6 {[%clk 0:50:31.3]} 11. Nb3 {[%clk 0:43:57.8]} 0-0 {[%clk 0:50:36.2]} 12. Nc5 {[%clk 0:43:48.7]} Bxc5 {[%clk 0:50:41.1]} 13. Qxc5 {[%clk 0:43:12.5]} Nd7 {[%clk 0:50:32.9]} 14. Qc2 {[%clk 0:42:53.2]} Nf6 {[%clk 0:50:02.8]} 15. axb5 {[%clk 0:42:07.3]} axb5 {[%clk 0:50:08.6]} 16. Rxa8 {[%clk 0:42:01.9]} Qxa8 {[%clk 0:50:14.3]} 17. Bxb5 {[%clk 0:41:55.9]} Nb4 {[%clk 0:48:25.2]} 18. Qa4 {[%clk 0:38:53.4]} Qxa4 {[%clk 0:48:20.5]} 19. Bxa4 {[%clk 0:38:51.9]} Ba6 {[%clk 0:48:25.4]} 20. Rd1 {[%clk 0:38:30.3]} Rd8 {[%clk 0:48:01.6]} 21. Bd2 {[%clk 0:38:06.1]} Nbd5 {[%clk 0:47:50.6]} 22. Ra1 {[%clk 0:37:10.0]} Bd3 {[%clk 0:47:27.1]} 23. Ne5 {[%clk 0:36:10.3]} Bf5 {[%clk 0:47:19.7]} 24. Bc6 {[%clk 0:35:24.0]} Rb8 {[%clk 0:47:10.5]} 25. Ra8 {[%clk 0:35:08.0]} Rxa8 {[%clk 0:46:54.8]} 26. Bxa8 {[%clk 0:35:06.7]} Nb6 {[%clk 0:46:59.3]} 27. Bf3 {[%clk 0:34:49.9]} Bd3 {[%clk 0:45:57.7]} 28. Nxd3 {[%clk 0:34:34.4]} Nc4 {[%clk 0:46:02.1]} 29. Bc3 {[%clk 0:34:18.1]} h5 {[%clk 0:45:16.9]} 30. Ne5 {[%clk 0:33:51.3]} Nd6 {[%clk 0:43:25.3]} 31. Ba5 {[%clk 0:33:41.5]} Nfe8 {[%clk 0:42:19.8]} 32. Bc6 {[%clk 0:33:36.6]} f6 {[%clk 0:38:00.2]} 33. Bxe8 {[%clk 0:33:32.8]} Nxe8 {[%clk 0:38:02.7]} 34. Nd3 {[%clk 0:33:35.4]} Kf7 {[%clk 0:33:00.2]} 35. b4 {[%clk 0:33:39.4]} Ke7 {[%clk 0:30:59.1]} 36. Nc5 {[%clk 0:33:36.6]} Kd6 {[%clk 0:28:39.8]} 37. f4 {[%clk 0:33:30.8]} g6 {[%clk 0:27:19.4]} 38. Kf2 {[%clk 0:33:33.2]} Kd5 {[%clk 0:26:50.1]} 39. Kf3 {[%clk 0:33:31.8]} c6 {[%clk 0:26:51.4]} 40. h3 {[%clk 0:33:27.4]} e5 {[%clk 0:25:04.7]} 41. fxe5 {[%clk 0:33:30.1]} fxe5 {[%clk 0:25:06.4]} 42. dxe5 {[%clk 0:33:16.2]} Kxe5 {[%clk 0:25:12.2]} 43. Nd7+ {[%clk 0:33:18.0]} Kd6 {[%clk 0:25:09.7]} 44. Nf8 {[%clk 0:33:17.0]} g5 {[%clk 0:25:06.3]} 45. Nh7 {[%clk 0:33:16.6]} Ke5 {[%clk 0:25:00.6]} 46. Nxg5 {[%clk 0:33:18.6]} Kf5 {[%clk 0:25:06.4]} 47. Ne4 {[%clk 0:33:16.4]} Ke5 {[%clk 0:25:07.6]} 48. g4 {[%clk 0:33:19.7]} hxg4+ {[%clk 0:25:08.1]} 49. hxg4 {[%clk 0:33:26.3]} Ng7 {[%clk 0:24:05.0]} 50. b5 {[%clk 0:33:16.9]} cxb5 {[%clk 0:24:10.6]} 51. Bc3+ {[%clk 0:33:24.1]} Ke6 {[%clk 0:24:02.3]} 52. Bxg7 {[%clk 0:33:29.9]} Kf7 {[%clk 0:24:09.6]} 53. Bb2 {[%clk 0:33:37.1]} b4 {[%clk 0:24:15.7]} 54. g5 {[%clk 0:33:44.1]} b3 {[%clk 0:24:21.6]} 55. Kf4 {[%clk 0:33:50.4]} Kg6 {[%clk 0:24:28.3]} 56. Nd6 {[%clk 0:33:53.7]} Kh7 {[%clk 0:24:31.9]} 57. Kf5 {[%clk 0:33:57.0]} Kg8 {[%clk 0:24:34.3]} 58. Kg6 {[%clk 0:33:58.7]} Kf8 {[%clk 0:24:39.6]} 59. Kh7 {[%clk 0:34:06.2]} Ke7 {[%clk 0:24:41.4]} 60. g6 {[%clk 0:34:12.3]} Kxd6 {[%clk 0:24:40.9]} 61. g7 {[%clk 0:34:19.4]} Kd5 {[%clk 0:24:43.8]} 62. g8=Q+ {[%clk 0:34:25.1]} Ke4 {[%clk 0:24:49.5]} 63. Qxb3 {[%clk 0:34:29.7]} Kf3 {[%clk 0:24:53.6]} 64. e4+ {[%clk 0:34:37.5]} Kxe4 {[%clk 0:25:00.4]} 65. Bd4 {[%clk 0:34:43.2]} Kxd4 {[%clk 0:25:07.5]} 66. Qb5 {[%clk 0:34:50.9]} Kc3 {[%clk 0:25:14.2]} 67. Kg6 {[%clk 0:34:59.0]} Kd4 {[%clk 0:25:07.0]} 68. Kf6 {[%clk 0:35:05.9]} Ke4 {[%clk 0:25:06.9]} 69. Qe5+ {[%clk 0:35:12.2]} Kf3 {[%clk 0:25:11.5]} 70. Kf5 {[%clk 0:35:17.7]} Kf2 {[%clk 0:25:03.0]} 71. Qc3 {[%clk 0:35:23.1]} Kg2 {[%clk 0:24:58.7]} 72. Kf4 {[%clk 0:35:27.7]} Kg1 {[%clk 0:24:54.0]} 73. Qc2 {[%clk 0:35:33.4]} Kf1 {[%clk 0:24:59.0]} 74. Kf3 {[%clk 0:35:39.2]} Kg1 {[%clk 0:25:00.6]} 75. Qg2# {[%clk 0:35:45.0]} 1-0

[Event "Club 608 Online 1 - Open C (-1200)"]
[Date "2021.04.10"]
[Round "3.3"]
[White "Axel, Landoeuer"]
[Black "92270, Anais"]
[Result "0-1"]
[BlackElo "1009"]
[WhiteElo "1009"]

{Clock started by Black.} 1. e4 {[%clk 0:48:14.2]} e5 {[%clk 0:49:55.1]} 2. Bc4 {[%clk 0:48:18.8]} Nf6 {[%clk 0:50:02.1]} 3. Na3 {[%clk 0:48:24.1]} Nxe4 {[%clk 0:49:59.4]} 4. Qh5 {[%clk 0:48:29.0]} g6 {[%clk 0:49:41.5]} 5. Qxe5+ {[%clk 0:48:34.5]} Qe7 {[%clk 0:49:28.1]} 6. Qxh8 {[%clk 0:48:39.6]} Nf6+ {[%clk 0:49:23.2]} 7. Ne2 {[%clk 0:48:17.0]} Nc6 {[%clk 0:49:28.9]} 8. 0-0 {[%clk 0:48:23.2]} d6 {[%clk 0:49:27.5]} 9. d3 {[%clk 0:48:28.3]} Bd7 {[%clk 0:49:34.7]} 10. Bg5 {[%clk 0:48:29.8]} 0-0-0 {[%clk 0:49:33.2]} 11. Bxf6 {[%clk 0:48:36.3]} Qxe2 {[%clk 0:49:19.8]} 12. Bxd8 {[%clk 0:48:41.5]} Nxd8 {[%clk 0:49:22.6]} 13. Qxf8 {[%clk 0:48:44.3]} Qg4 {[%clk 0:49:11.5]} 14. Qh8 {[%clk 0:48:47.8]} Qg5 {[%clk 0:49:00.6]} 15. Qxh7 {[%clk 0:48:47.8]} Bc6 {[%clk 0:48:52.0]} 16. Qh3+ {[%clk 0:48:39.4]} Bd7 {[%clk 0:48:46.1]} 17. Rfe1 {[%clk 0:48:39.1]} Bxh3 {[%clk 0:48:40.1]} 18. Re3 {[%clk 0:48:34.5]} Qxg2# {[%clk 0:48:45.3]} 0-1

[Event "Club 608 Online 1 - Open A (-2200)"]
[Date "2021.04.10"]
[Round "3.3"]
[White "Pierre Yves, Feldis"]
[Black "Delin, Valère"]
[Result "0-1"]
[BlackElo "2049"]
[WhiteElo "1544"]

1. c4 {[%clk 0:50:10.0]} Nf6 {[%clk 0:50:05.9]} 2. Nc3 {[%clk 0:50:16.1]} g6 {[%clk 0:50:12.5]} 3. d4 {[%clk 0:50:18.2]} d5 {[%clk 0:50:20.7]} 4. cxd5 {[%clk 0:50:23.4]} Nxd5 {[%clk 0:50:29.3]} 5. e4 {[%clk 0:50:30.4]} Nxc3 {[%clk 0:50:37.8]} 6. bxc3 {[%clk 0:50:38.1]} Bg7 {[%clk 0:50:46.8]} 7. Bc4 {[%clk 0:50:43.5]} 0-0 {[%clk 0:50:54.0]} 8. Ne2 {[%clk 0:50:42.5]} b6 {[%clk 0:50:50.2]} 9. Be3 {[%clk 0:50:19.8]} Bb7 {[%clk 0:50:53.6]} 10. f3 {[%clk 0:50:26.0]} e6 {[%clk 0:50:38.7]} 11. Qd2 {[%clk 0:50:19.3]} Qe7 {[%clk 0:50:31.8]} 12. 0-0 {[%clk 0:50:08.2]} Rd8 {[%clk 0:50:37.9]} 13. Bg5 {[%clk 0:48:52.7]} Bf6 {[%clk 0:49:45.6]} 14. Bxf6 {[%clk 0:48:36.7]} Qxf6 {[%clk 0:49:51.6]} 15. e5 {[%clk 0:48:34.0]} Qxe5 {[%clk 0:47:25.3]} 16. Rae1 {[%clk 0:48:28.6]} Qf6 {[%clk 0:47:25.3]} 17. Ng3 {[%clk 0:48:27.1]} c5 {[%clk 0:47:07.4]} 18. Ne4 {[%clk 0:48:12.6]} Qg7 {[%clk 0:47:07.5]} 19. Qg5 {[%clk 0:48:03.2]} Nc6 {[%clk 0:46:37.4]} 20. dxc5 {[%clk 0:47:44.2]} h6 {[%clk 0:46:01.2]} 21. Qe3 {[%clk 0:46:46.6]} Ne5 {[%clk 0:43:54.3]} 22. Be2 {[%clk 0:46:31.5]} Bxe4 {[%clk 0:43:32.7]} 23. Qxe4 {[%clk 0:46:13.6]} bxc5 {[%clk 0:42:50.9]} 24. Rd1 {[%clk 0:46:03.0]} Rab8 {[%clk 0:39:20.3]} 25. f4 {[%clk 0:45:27.9]} Nd7 {[%clk 0:38:41.0]} 26. Qa4 {[%clk 0:44:20.2]} Qxc3 {[%clk 0:35:21.2]} 27. Rd3 {[%clk 0:43:13.2]} Qb4 {[%clk 0:30:12.6]} 28. Qxa7 {[%clk 0:43:09.6]} Nf6 {[%clk 0:30:11.8]} 29. Rxd8+ {[%clk 0:42:59.3]} Rxd8 {[%clk 0:30:18.5]} 30. Qe7 {[%clk 0:40:06.7]} Qd4+ {[%clk 0:30:23.7]} 31. Kh1 {[%clk 0:40:10.7]} Rd7 {[%clk 0:29:18.0]} 32. Qxd7 {[%clk 0:38:55.0]} Qxd7 {[%clk 0:29:24.3]} {White Resigned} 0-1

[Event "Club 608 Online 1 - Open B (-1600)"]
[Date "2021.04.10"]
[Round "3.3"]
[White "Nicot, Anna"]
[Black "Solal, Seiler-sar"]
[Result "1-0"]
[BlackElo "1416"]
[WhiteElo "1009"]

{Clock started by Black.} 1. e4 {[%clk 0:50:09.9]} e6 {[%clk 0:50:06.3]} 2. d4 {[%clk 0:50:14.6]} d5 {[%clk 0:50:13.3]} 3. Nc3 {[%clk 0:50:19.3]} Bb4 {[%clk 0:50:06.4]} 4. e5 {[%clk 0:50:23.7]} c5 {[%clk 0:50:13.4]} 5. a3 {[%clk 0:50:29.6]} Bxc3+ {[%clk 0:50:21.2]} 6. bxc3 {[%clk 0:50:36.4]} Ne7 {[%clk 0:50:24.5]} 7. Nf3 {[%clk 0:50:41.5]} Qc7 {[%clk 0:50:08.6]} 8. Bd3 {[%clk 0:50:41.6]} Nbc6 {[%clk 0:50:04.3]} 9. Be3 {[%clk 0:50:41.5]} Bd7 {[%clk 0:49:53.8]} 10. 0-0 {[%clk 0:50:44.2]} 0-0-0 {[%clk 0:49:46.6]} 11. Rb1 {[%clk 0:50:50.1]} f6 {[%clk 0:48:58.6]} 12. exf6 {[%clk 0:50:53.1]} gxf6 {[%clk 0:49:05.1]} 13. Qc1 {[%clk 0:49:24.7]} e5 {[%clk 0:47:22.6]} 14. Bb5 {[%clk 0:48:30.6]} c4 {[%clk 0:44:29.8]} 15. Qb2 {[%clk 0:48:26.0]} e4 {[%clk 0:42:24.3]} 16. Nd2 {[%clk 0:48:24.8]} f5 {[%clk 0:40:20.6]} 17. f3 {[%clk 0:44:26.8]} f4 {[%clk 0:36:42.1]} 18. Bxf4 {[%clk 0:44:01.0]} Qxf4 {[%clk 0:34:09.6]} 19. Ba6 {[%clk 0:44:02.3]} Kc7 {[%clk 0:34:17.2]} 20. Qxb7+ {[%clk 0:44:06.6]} Kd6 {[%clk 0:34:23.4]} 21. fxe4 {[%clk 0:43:53.9]} Qxd2 {[%clk 0:27:58.4]} 22. e5+ {[%clk 0:43:57.2]} Nxe5 {[%clk 0:27:41.9]} 23. dxe5+ {[%clk 0:43:59.1]} Ke6 {[%clk 0:27:23.6]} 24. Qb4 {[%clk 0:42:43.2]} Bc6 {[%clk 0:26:58.0]} 25. Rf6+ {[%clk 0:42:07.1]} Kd7 {[%clk 0:25:13.9]} 26. Bb5 {[%clk 0:41:49.2]} Qe3+ {[%clk 0:23:19.2]} 27. Kh1 {[%clk 0:41:47.6]} Qxe5 {[%clk 0:23:20.1]} 28. Bxc6+ {[%clk 0:41:50.1]} Nxc6 {[%clk 0:22:25.6]} 29. Qb7+ {[%clk 0:41:51.9]} Ke8 {[%clk 0:22:05.9]} 30. Qf7# {[%clk 0:41:57.1]} 1-0

[Event "Club 608 Online 1 - Open C (-1200)"]
[Date "2021.04.10"]
[Round "3.4"]
[White "Landoeuer, Jessy"]
[Black "Chatenay, Rémi"]
[Result "1-0"]
[BlackElo "1199"]
[WhiteElo "1009"]
[WhiteFideId "551047454"]

{Clock started by White.} 1. e4 {[%clk 0:50:07.3]} d5 {[%clk 0:50:04.8]} 2. exd5 {[%clk 0:50:08.8]} Qxd5 {[%clk 0:50:12.3]} 3. Nc3 {[%clk 0:50:16.7]} Qa5 {[%clk 0:50:19.9]} 4. Bc4 {[%clk 0:50:22.3]} e6 {[%clk 0:49:38.7]} 5. Nf3 {[%clk 0:49:36.9]} e5 {[%clk 0:48:42.6]} 6. d4 {[%clk 0:48:12.0]} Bg4 {[%clk 0:47:59.7]} 7. Bxf7+ {[%clk 0:46:59.2]} Kxf7 {[%clk 0:47:41.8]} 8. Ng5+ {[%clk 0:46:52.4]} Ke8 {[%clk 0:45:20.6]} 9. Qxg4 {[%clk 0:46:51.0]} Be7 {[%clk 0:44:24.6]} 10. Qc8+ {[%clk 0:46:43.4]} Bd8 {[%clk 0:44:07.7]} 11. Ne6 {[%clk 0:46:40.5]} c6 {[%clk 0:40:53.5]} 12. 0-0 {[%clk 0:46:27.4]} Kf7 {[%clk 0:40:10.7]} 13. Nxd8+ {[%clk 0:46:22.6]} Ke7 {[%clk 0:38:43.1]} 14. Nxb7 {[%clk 0:46:05.2]} Qa6 {[%clk 0:31:52.6]} 15. Qd8+ {[%clk 0:45:50.8]} Ke6 {[%clk 0:31:12.3]} 16. Qd6+ {[%clk 0:45:39.3]} Kf5 {[%clk 0:28:52.5]} 17. Qxe5+ {[%clk 0:45:33.4]} Kg6 {[%clk 0:28:37.6]} 18. Nc5 {[%clk 0:45:22.3]} Qc8 {[%clk 0:28:18.2]} 19. N3e4 {[%clk 0:45:16.9]} Nf6 {[%clk 0:26:33.0]} 20. Qg5+ {[%clk 0:45:18.3]} Kf7 {[%clk 0:26:35.0]} 21. Nd6+ {[%clk 0:45:23.4]} {Black Resigned} 1-0